03015nam a2200397 4500001000800000007000300008008004100011040000800052041000800060100004500068245014700113300002200260520153100282650002801813650003401841650002601875650002401901653002901925653002001954700004001974700003402014700002602048700004202074700002502116700004502141700003402186700004302220700003702263700004102300700002802341700003502369700004702404700003102451700003502482773010002517ESSALUDta t2025 sp ||||| |||| 00| 0 spa d aBMG aspa aGarcía Cosío, María Doloreseautor aTratamiento de la cardiopatía en receptores de trasplante renal: documento de consenso nacional de SET/SEC/SEN basado en una encuesta Delphi apáginas 252-262 aEl trasplante renal mejora la supervivencia y la calidad de vida de los pacientes con enfermedad renal terminal. La enfermedad cardiovascular es la principal causa de morbimortalidad durante el trasplante renal. La relación bidireccional entre enfermedad renal y cardiaca presenta un escenario clínico único que requiere un abordaje integral y personalizado. El objetivo de este consenso de expertos de la Sociedad Española de Trasplante, la Sociedad Española de Cardiología y la Sociedad Española de Nefrología es evaluar la práctica habitual y las estrategias sugeridas para el tratamiento cardiológico en los receptores de trasplante renal. Un panel de nefrólogos y cardiólogos españoles expertos en trasplante renal y cardiaco revisó la evidencia científica en relación con el tratamiento actual de la cardiopatía en trasplantados renales. Posteriormente, se crearon aseveraciones consensuadas mediante una metodología Delphi de 2 rondas. Se elaboraron 30 aseveraciones que abarcaban temas clave como la identificación de candidatos a trasplante renal, el tratamiento de la cardiopatía en los receptores de trasplante renal y la candidatura para trasplante cardiorrenal combinado en pacientes con insuficiencia renal terminal y cardiopatía. Las aseveraciones consensuadas del presente manuscrito proporcionan una orientación adicional a los expertos para el tratamiento cardiológico de los receptores de trasplante renal, en quienes la evidencia clínica publicada es escasa. aTRASPLANTE DE RIÑÓN aENFERMEDADES CARDIOVASCULARES aFALLO RENAL CRÓNICO aINSUFICIENCIA RENAL aTRATAMIENTO CARDIORRENAL aMÉTODO DELPHI aHernández Marrero, Domingoeautor aCruzado, Josep Maríaeautor aFarrero, Martaeautor aBlasco Peiró, María Teresaeautor aCrespo, Martaeautor aDelgado Jiménez, Juan Franciscoeautor aDíaz Molina, Beatrizeautor aFernández Rivera, Constantinoeautor aGarrido Bravo, Iris Paulaeautor aLópez Jiménez, Verónicaeautor aMelilli, Edoardoeautor aMirabet Pérez, Sonia eautor aPérez Tamajón, María Lourdes eautor aRangel Sousa, Diegoeautor aRodrigo Calabia, Emilioeautor0 016438dBarcelona ElsevieroRECARDIO059tRevista Española de CardiologíawESSALUDx1579-2242